00410nam a2200169Ia 4500003000400000005001700004008004100021020001800062040000700080041000800087082002200095100002400117245003000141260004000171300001600211365001300227OSt20230328095728.0210423s2008 xx 000 0 und d a9788126137305 cAL aeng a541.35 223bCHAR aCHAUDHARY (Roshan). aBasics of photochemistry. aNew DelhibAnmol Publicationsc2008 avii,285bHB b900cINR